000 00497cam a22001692a 4500
001 000224
003 AR-FADEU
008 311216n1999####xxu####################dd
100 _a Gimenez, Andrea
245 _aExploración y descubrimiento de yacimientos de metales base y preciosos
260 _bUniversidad Nacional del Comahue
260 _aNeuquén
260 _c1999
440 _aPrácticas Profesionales
650 _aMINERIA; METALES PRECIOSOS-YACIMIENTOS/TRADUC/
942 _cFOLLETO
999 _c1056
_d1056